Las fuentes y los temas del Polifemo de Góngora / (Record no. 142491)

MARC details
000 -LEADER
campo de control de longitud fija 00718nam a2200205 i 4500
001 - NÚMERO DE CONTROL
campo de control 142491
003 - IDENTIFICADOR DE NÚMERO DE CONTROL
campo de control ES-MaACL
005 - FECHA Y HORA DE LA ÚLTIMA TRANSACCIÓN
campo de control 20250912063052.0
007 - CAMPO FIJO DE DESCRIPCIÓN FÍSICA--INFORMACIÓN GENERAL
campo de control de longitud fija t|
008 - DATOS DE LONGITUD FIJA--INFORMACIÓN GENERAL
campo de control de longitud fija 071005s1957 sp |||| | spa d
080 ## - NÚMERO DE LA CLASIFICACIÓN DECIMAL UNIVERSAL
Número de la Clasificación Decimal Universal 860 Góngora y Argote, Luis de 7 Fábula de Polifemo y Galatea.06
100 1# - ENTRADA PRINCIPAL--NOMBRE DE PERSONA
Nombre de persona Vilanova, Antonio,
Fechas asociadas al nombre 1923-2008
9 (RLIN) 114774
245 14 - MENCIÓN DEL TÍTULO
Título Las fuentes y los temas del Polifemo de Góngora /
Mención de responsabilidad, etc. Antonio Vilanova.
260 ## - PUBLICACIÓN, DISTRIBUCIÓN, ETC.
Lugar de publicación, distribución, etc. Madrid :
Nombre del editor, distribuidor, etc. [s.n.],
Fecha de publicación, distribución, etc. 1957 (
Fabricante Gráf. Escelicer)
300 ## - DESCRIPCIÓN FÍSICA
Extensión 2 v. ;
Dimensiones 25 cm.
586 ## - NOTA DE PREMIOS
Nota de premios Premio Menéndez Pelayo 1951
600 14 - PUNTO DE ACCESO ADICIONAL DE MATERIA--NOMBRE DE PERSONA
Nombre de persona Góngora y Argote, Luis de.
Título de la obra Fábula de Polifemo y Galatea.
9 (RLIN) 58249
852 ## - LOCALIZACIÓN
Ubicación ES-MaACL
Número de control de estantería C-19131-32
Holdings
Estatus retirado Estado de pérdida Estado de daño No para préstamo Biblioteca de origen Biblioteca actual Ubicación en estantería Fecha de adquisición Fuente de adquisición Total de préstamos Signatura topográfica completa Código de barras Visto por última vez Precio de reemplazo Tipo de ítem Koha
        Biblioteca del Ateneo de Madrid Biblioteca del Ateneo de Madrid Mesetón 17/01/2008     C-19131-32 1148261 23/02/2023 23/02/2023 Libro impreso